000 01088cam a22002891 4500
001 1220861
003 OSt
005 20250901165607.0
008 721213s1955 iluak b 000 0 eng
010 _a 55007334
040 _aDLC
_cDLC
_dDLC
050 0 0 _aHM261 .K27 1964
_b.K27 1964
082 0 0 _a301.154
_a301.152*
100 1 _aKatz, Elihu,
_d1926-
245 1 0 _aPersonal influence;
_bthe part played by people in the flow of mass communications,
_cby Elihu Katz and Paul F. Lazarsfeld. With a foreword by Elmo Roper.
260 _aGlencoe, Ill.,
_bFree Press
_c[1955]
300 _axx, 400 p.
_bdiagrs., forms, tables.
_c22 cm.
490 0 _aFoundations of communications research
500 _a"A report of the Bureau of Applied Social Research, Columbia University."
504 _aBibliography: p. 381-393.
650 0 _aPublic opinion.
650 0 _aMass media.
700 1 _aLazarsfeld, Paul F.,
_d1901-1976,
_ejoint author.
710 2 _aColumbia University.
_bBureau of Applied Social Research.
906 _a7
_bcbc
_corignew
_du
_eocip
_f19
_gy-gencatlg
942 _2ddc
_cBK
999 _c6383
_d6383